01463cam a22003854i 4500003000900000005001700009008004100026020001500067020001800082035002700100040005900127082001900186245006500205264007100270300003800341336002100379337002500400338002300425500011900448505033600567526001000903526001000913526001000923526001000933526000800943526000800951526000800959526000800967526000800975526000800983526000800991650002600999650002601025700002601051PE-LiUPU20250731172849.0140206s2014 mou r 000 0 eng  a0758644132 a9780758644138 a(Sirsi) i9780758644138 aDLCbspaerdacDLCdBTCTAdOCLCFdBMSdYDXCPdPE-LiUPU00a261.55bF122300aFaith and Science in a Skeptical Age /cedited by Jesse Yow. 1aSaint Louis, Estados Unidos :bConcordia Publishing House,c[2014] a288 páginas ;c23 centímetros atext2rdacontent aunmediated2rdamedia avolume2rdacarrier aText derived from the Faith on the Edge Bible study series copyrights 2002, 2003, 2004 Concordia Publishing House.0 aOff the edge: faith, science, and the future -- The quest for spirituality -- The unexplainded: miracles, mysteries, and more -- Heaven and hell: the edge of eternity -- Playing God: redesingning life -- Article: bioengineering, artificial intelligence, and the new gnotincism -- Science and the savior: the calling of a scientist. aSEG42 aSEG41 aSEG40 aSEG39 aP94 aP87 aP86 aP85 aP77 aP76 aP35 0aReligión y ciencia. 7aReligión y ciencia.1 aYow, Jesse.,eeditor.